000 00923naa a2200265 c 4500
001 36301
003 ES-MaCES
005 20141221114142.0
008 060411n2006 sp t 000 | spa d
035 _aCES20060005656v
040 _aES-MaCES
_bspa
_cES-MaCES
100 1 _aLitago Lledó, Rosa
_916668
245 1 3 _aEl IRPF de los trabajadores extranjeros temporalmente residentes en España
_cRosa Litago Lledó
650 4 _aEspaña
_926964
650 4 _arégimen jurídico
_929894
650 4 _apolítica fiscal
_928082
650 4 _atributación
_928093
650 4 _atrabajador migrante
_928408
650 4 _aimpuesto sobre la renta de personas físicas
_928084
653 1 0 _aFiscalidad
773 0 _tTribuna fiscal
_gn. 184 (feb. 2006){55/770 R. 063890}; p. 14-27
_w(ES-MaCES)25757
_972290
902 _aART Artículo de revista
942 _2CES
_cAR
_h0.1.
999 _c36301
_d36301